000 00626nam a22002057a 4500
999 _c10230
_d10230
003 AR-CdUCM
008 190329b ||||| |||| 00| 0 spa d
040 _aMUNICIPALIDAD PROVINCIAL DEL CUSCO
_cBIBLIOTECA MUNICIPAL DEL CUSCO
082 _a701.17 /
_bD65 / 1939
100 _aDeustua, Alejandro O.
_925854
245 _aLa estética de José Vasconcelos /
260 _aLima :
_bBarrantes,
_c1939.
300 _a187 páginas ;
_c18 cm.
505 _aContenido : El doctor José Vasconcelos ...
650 _aVida
_9884
650 _aBiografía
_922
650 _aEstética
_9589
942 _2ddc
_cLIBROS
945 _arah